000
00212 a2200097 4500
001
17648
100
_a
Ames W F
245
_a
Nonlinear partial equations
260
_a
_b
Academic Press
_c
090
_c
13033
_d
13033
942
_a
NUST-CAE
_c
M
_c
3374
999
_c
252721
_d
252721